00306nam a2200121 a 450000500170000000800410001705000170005810000210007524500320009626000330012865000080016165000150016920141022142001.0100915s19uu xx 00 eng d aDVDbY3 1999 aYesil, Magdelena aThe Entreprenurial Process. bSatndford University,c1999. aDVD aManagement